| 000 | 00419pab a2200157 454500 | ||
|---|---|---|---|
| 008 | 180718b2008 xxu||||| |||| 00| 0 eng d | ||
| 245 | _aTHE NEGLECTED teacher: a symposium on the need to reform teacher training and education | ||
| 260 | _c2008 | ||
| 300 | _ap.12-63. | ||
| 362 | _aDec | ||
| 650 | _aTeacher education | ||
| 650 | _aInservice teacher education | ||
| 773 | _aSeminar | ||
| 908 | _aN | ||
| 909 | _a80954 | ||
| 999 |
_c80954 _d80954 |
||